Teaching physics : With the physics suite

में बचाया:
ग्रंथसूची विवरण
मुख्य लेखक: Redish, Edward F.
स्वरूप: पुस्तक
भाषा:Undetermined
प्रकाशित: Hoboken, New Jersey John Wiley & Sons, Inc 2003
विषय:
टैग : टैग जोड़ें
कोई टैग नहीं, इस रिकॉर्ड को टैग करने वाले पहले व्यक्ति बनें!
Thư viện lưu trữ: Trung tâm Học liệu Trường Đại học Cần Thơ
LEADER 00654nam a2200217Ia 4500
001 CTU_211743
008 210402s9999 xx 000 0 und d
082 |a 530 
082 |b R317 
100 |a Redish, Edward F. 
245 0 |a Teaching physics : 
245 0 |b With the physics suite 
245 0 |c Edward F. Redish 
260 |a Hoboken, New Jersey 
260 |b John Wiley & Sons, Inc 
260 |c 2003 
650 |a Physics,Physics 
650 |x Study and teaching (higher),Study and teaching (secondary) 
904 |i Tuyến 
910 |a Sách kèm đĩa có số AV.000642 
980 |a Trung tâm Học liệu Trường Đại học Cần Thơ